Caracterización de motor de pasos híbrido a tavés de modelado no lineal y pruebas de laboratorio
Kaydedildi:
| Yazar: | |
|---|---|
| Diğer Yazarlar: | |
| Materyal Türü: | Kitap |
| Dil: | Spanish |
| Baskı/Yayın Bilgisi: |
[San José], Costa Rica
2015
|
| Konular: | |
| Etiketler: |
Etiketle
Etiket eklenmemiş, İlk siz ekleyin!
|
MARC
| LEADER | 00000nam a22000007a 4500 | ||
|---|---|---|---|
| 003 | 012398 | ||
| 005 | 20230914103846.0 | ||
| 008 | 160707b2015 cr a|||| |||| 00| ||spa d | ||
| 040 | |c cru CEDI | ||
| 090 | |a TFG 7556 | ||
| 100 | |9 5189 |a Ramírez Rodríguez, Oldemar | ||
| 245 | |a Caracterización de motor de pasos híbrido a tavés de modelado no lineal y pruebas de laboratorio | ||
| 260 | |a [San José], Costa Rica |c 2015 | ||
| 300 | |a xiv, 91 hojas ; ilustraciones | ||
| 500 | |a Proyecto de graduación (bachillerato en ingeniería eléctrica)--Universidad de Costa Rica. Facultad de Ingeniería. Escuela de Ingeniería Eléctrica | ||
| 501 | |a Profesor Guía de IE-0499 Proyecto Eléctrico: Ing. Andrés Argüello Guillen | ||
| 650 | |x MOTORES ELECTRICOS |x MODELOS MATEMATICOS |9 5190 | ||
| 700 | |9 1481 |a Argüello Guillén, Andrés, 1991- |d Director de Proyecto Eléctrico | ||
| 942 | |c CEDI | ||
| 999 | |c 16979 |d 16979 | ||
